| 000 | 01075cas a22002897a 4500 | ||
|---|---|---|---|
| 005 | 20220329142303.0 | ||
| 008 | 000511 1998 mx zr pernn 0 b1spa d | ||
| 010 | _a81072 | ||
| 011 | _a82044 | ||
| 035 | _a92529 | ||
| 245 | 0 | 0 |
_aAgronómica _c/por Universidad Autónoma de Chiapas. Facultad de Ciencias Agronómicas |
| 260 | 0 |
_aTuxtla Gutiérrez, Chis. : _bUniversidad Autónoma de Chiapas. Facultad de Ciencias Agronómicas, _c1998- |
|
| 300 | _av. | ||
| 310 | _aSemestral | ||
| 362 | _av.1 n.2, 1998. | ||
| 590 |
_aBATCH-UPD _b10 _c20130110 _lUCH01 _h0411 |
||
| 590 |
_aBATCH-UPD _b10 _c20130410 _lUCH01 _h0046 |
||
| 590 |
_aBATCH-UPD _b10 _c20130410 _lUCH01 _h1629 |
||
| 590 |
_aBATCH-UPD _b10 _c20130914 _lUCH01 _h1122 |
||
| 590 |
_aCONVERSION _b10 _c20130109 _lUCH01 _h1345 |
||
| 650 | 1 | 4 |
_aCultivos _xMejoramiento _xPublicaciones periódicas. _930294 |
| 650 | 1 | 4 |
_aEcología agrícola _xPublicaciones periódicas. _935169 |
| 650 | 1 | 4 |
_aGanado _xProducción _xPublicaciones periódicas. _944948 |
| 866 | _av.1 n.1-2 (1998) | ||
| 901 | _aSE | ||
| 905 | _aLilia Sánchez G. | ||
| 999 |
_c81072 _d81072 |
||